00652nam a2200193Ia 4500003000400000005001700004008004100021040000700062041000800069082001600077100004800093245009900141260002000240300000900260650002200269942001300291999001900304952013500323OSt20251111113516.0250729s2005 xx 000 0 und d cAL akan a372.25 LOKP aಲೋಕಾಪೂರ ಐ ಎ9224191 aಪ್ರೌಢ ಶಿಕ್ಶಣ ಹಾಗೂ ಶಿಕ್ಶಕನ ಕಾರ್ಯಗಳು aಗದಗc2005 a315p aEducation9224192 2ddccBED c236288d236288 00104070aALbALd2025-07-29eSchool Book Companyg120.00l0o372.25 LOKPpBED01607r2025-07-29 16:54:43v120.00w2025-07-29yBK